[Event "Golden Jubilee Club Championship"]
[Site "Box Hill"]
[Date "2002.04.12"]
[Round "1.1"]
[White "Lee, Michelle"]
[Black "Johansen, Darryl K"]
[Result "0-1"]
[WhiteElo "1671"]
[BlackElo "2515"]
[Annotator "sf"]
[PlyCount "100"]
[EventDate "2002.04.12"]

1. e4 c5 2. Nf3 e6 3. d4 cxd4 4. Nxd4 Nf6 5. Bd3 Nc6 6. Be3 e5 7. Nxc6 bxc6 8.
c4 d6 9. f3 Rb8 10. Qd2 a5 11. O-O Be7 12. Nc3 O-O 13. b3 Be6 14. Rfd1 Re8 15.
Bc2 Nd7 16. Na4 Qc7 17. Rac1 Red8 18. Bf2 f6 19. Be3 Bf7 20. Bf2 Nf8 21. Be3
Ne6 22. Qf2 c5 23. Nc3 Nd4 24. Bxd4 cxd4 25. Nd5 Qa7 26. Bd3 Rdc8 27. Qd2 Bd8
28. Qb2 Qb7 29. f4 Bb6 30. Qa3 Bc5 31. Qxa5 Bxd5 32. exd5 Bb4 33. Qb5 Qe7 34.
Qa4 e4 35. Be2 f5 36. a3 Bc5 37. b4 Ba7 38. Kh1 d3 39. Bf1 Be3 40. Rc3 Bxf4 41.
g3 Be5 42. Rcc1 f4 43. Bh3 Rc7 44. Be6+ Kh8 45. Rg1 e3 46. Qb3 d2 47. Rcd1 Qf6
48. Bg4 Qh6 49. Kg2 Qg5 50. h3 h5 0-1

[Event "Golden Jubilee Club Championship"]
[Site "Box Hill"]
[Date "2002.04.12"]
[Round "1.2"]
[White "Gluzman, Michael"]
[Black "Wheelwright, Philip"]
[Result "1-0"]
[WhiteElo "2386"]
[BlackElo "1664"]
[Annotator "sf"]
[PlyCount "57"]
[EventDate "2002.04.12"]

1. e4 Nf6 2. e5 Nd5 3. d4 d6 4. c4 Nb6 5. exd6 cxd6 6. Nc3 g6 7. Be3 Bg7 8. Rc1
Nc6 9. h3 Nd7 10. d5 Ncb8 11. Bd4 Nf6 12. Nf3 O-O 13. Be2 e5 14. dxe6 fxe6 15.
O-O Nc6 16. Be3 d5 17. b4 a6 18. a4 b6 19. c5 Nd7 20. Nxd5 bxc5 21. bxc5 Nde5
22. Nxe5 Bxe5 23. Nb6 Ra7 24. Qxd8 Rxd8 25. Rfd1 Re8 26. Bf3 Rc7 27. Na8 Bb7
28. Nxc7 Bxc7 29. Rd7 1-0

[Event "Golden Jubilee Club Championship"]
[Site "Box Hill"]
[Date "2002.04.12"]
[Round "1.3"]
[White "Sharman, Scot A"]
[Black "Rujevic, Mirko"]
[Result "0-1"]
[WhiteElo "1658"]
[BlackElo "2237"]
[Annotator "sf"]
[PlyCount "72"]
[EventDate "2002.04.12"]

1. e4 e5 2. Nf3 Nc6 3. Nc3 Bc5 4. Bc4 Nf6 5. d3 d6 6. Bg5 h6 7. Bh4 g5 8. Bg3
Qe7 9. Qd2 Be6 10. Bb3 a6 11. h4 g4 12. Ng1 Nh5 13. Nge2 O-O-O 14. Nd5 Bxd5 15.
Bxd5 Nd4 16. Nxd4 Bxd4 17. c3 Bb6 18. O-O-O Rdf8 19. Qe2 Rhg8 20. Rhe1 Qf6 21.
Rf1 Rg7 22. Kb1 Qe7 23. Qd2 Rg6 24. Rde1 Nf6 25. Bc4 h5 26. Ka1 Nd7 27. d4 Nb8
28. a3 f6 29. Bd5 Qd7 30. Rc1 Nc6 31. Qd3 Rg7 32. f4 gxf3 33. Qxf3 exd4 34.
Qxh5 Rxg3 35. Rxf6 Rxf6 36. Qh8+ Qd8 0-1

[Event "Golden Jubilee Club Championship"]
[Site "Box Hill"]
[Date "2002.04.12"]
[Round "1.4"]
[White "Woodhams, Michael V"]
[Black "Wilson, Norm"]
[Result "1-0"]
[WhiteElo "2083"]
[BlackElo "1654"]
[Annotator "sf"]
[PlyCount "71"]
[EventDate "2002.04.12"]

1. e4 Nf6 2. e5 Nd5 3. d4 d6 4. exd6 cxd6 5. c4 Nf6 6. Nc3 g6 7. h3 Bg7 8. Nf3
Nc6 9. Be3 a6 10. Be2 Bf5 11. d5 Nb8 12. Nd4 Ne4 13. Nxe4 Bxe4 14. O-O Bf5 15.
Nxf5 gxf5 16. Bd4 Bxd4 17. Qxd4 Rg8 18. Qf4 Nd7 19. Qxf5 Nf6 20. Rac1 Qa5 21.
a3 Qd2 22. Rc2 Qg5 23. Qxg5 Rxg5 24. f4 Rg7 25. Bf3 b6 26. b4 Rc8 27. Rfc1 e6
28. c5 dxc5 29. bxc5 bxc5 30. dxe6 fxe6 31. Rxc5 Rxc5 32. Rxc5 Ra7 33. Ra5 Nd7
34. Be2 Nb8 35. Bc4 Kf7 36. f5 1-0

[Event "Golden Jubilee Club Championship"]
[Site "Box Hill"]
[Date "2002.04.12"]
[Round "1.5"]
[White "Stojic, Svetozar"]
[Black "Low, Samuel"]
[Result "1/2-1/2"]
[WhiteElo "1644"]
[BlackElo "2025"]
[Annotator "sf"]
[PlyCount "126"]
[EventDate "2002.04.12"]

1. e4 c5 2. Nf3 Nc6 3. d4 cxd4 4. Nxd4 Nf6 5. Nc3 e5 6. Ndb5 d6 7. Bg5 a6 8.
Na3 b5 9. Nd5 Be7 10. Bxf6 Bxf6 11. c4 b4 12. Qa4 Bd7 13. Nxb4 Nd4 14. Qd1 Qa5
15. Qd2 Rb8 16. Nd3 Qxd2+ 17. Kxd2 Bg5+ 18. Kc3 Bd8 19. Rb1 f5 20. exf5 Bxf5
21. Nc2 Nxc2 22. Kxc2 Bb6 23. f3 O-O 24. Re1 Rfc8 25. b3 Bd4 26. Kd1 a5 27. Nc1
a4 28. Kd2 Bc5 29. Kd1 Ba3 30. Re3 Bc5 31. Re2 e4 32. Rd2 axb3 33. Nxb3 Bb4 34.
Rd4 exf3 35. gxf3 Ra8 36. Nc1 Re8 37. Bd3 Bc5 38. Rd5 Bxd3 39. Rxd3 Ra4 40. Rc3
Bd4 41. Rc2 Rc8 42. Re1 Raxc4 43. Rxc4 Rxc4 44. Re4 d5 45. Rg4 Kf7 46. Ne2 Be5
47. Rxc4 dxc4 48. h3 Kg6 49. a4 Kh5 50. a5 Kh4 51. Kc2 Kxh3 52. a6 Bb8 53. Kc3
Kg2 54. Nd4 Ba7 55. Kxc4 h5 56. Ne6 h4 57. Ng5 h3 58. Nxh3 Kxh3 59. Kd5 g5 60.
Ke6 Kh4 61. Kf6 Kh5 62. Kf5 Kh6 63. f4 gxf4 1/2-1/2

[Event "Golden Jubilee Club Championship"]
[Site "Box Hill"]
[Date "2002.04.12"]
[Round "1.6"]
[White "Kempen, Leon"]
[Black "Turner, Adrian E"]
[Result "1-0"]
[WhiteElo "1995"]
[BlackElo "1644"]
[Annotator "sf"]
[PlyCount "79"]
[EventDate "2002.04.12"]

1. e4 e5 2. Nf3 Nf6 3. Nxe5 d6 4. Nc4 Nxe4 5. Ne3 d5 6. Nc3 Nf6 7. d4 Be7 8.
Qf3 c6 9. Bd3 O-O 10. O-O Re8 11. Nf5 Bxf5 12. Qxf5 Qd7 13. Re1 Qxf5 14. Bxf5
Nbd7 15. Bf4 g6 16. Bh3 Kg7 17. g3 Nf8 18. Re2 Bb4 19. Rae1 Rxe2 20. Rxe2 Nh5
21. Be5+ f6 22. Bc7 Kf7 23. a3 Be7 24. Na4 b6 25. g4 Rc8 26. Bg3 Nxg3 27. hxg3
Re8 28. Bg2 Ne6 29. Rd2 b5 30. Nc3 Bd8 31. Na2 Bb6 32. Nb4 Nxd4 33. Nxc6 Re1+
34. Kh2 Nxc6 35. Bxd5+ Ke7 36. Bxc6 Rb1 37. c3 a6 38. Kg2 h5 39. Be4 hxg4 40.
Bxb1 1-0

[Event "Golden Jubilee Club Championship"]
[Site "Box Hill"]
[Date "2002.04.12"]
[Round "1.7"]
[White "Mahic, Amir"]
[Black "Dizdarevic, Mehmedalija"]
[Result "0-1"]
[WhiteElo "1626"]
[BlackElo "1927"]
[Annotator "sf"]
[PlyCount "46"]
[EventDate "2002.04.12"]

1. e4 d6 2. c4 Nf6 3. Nc3 g6 4. g3 Bg7 5. Bg2 c6 6. Nge2 O-O 7. O-O Be6 8. b3
Qc8 9. Re1 Bh3 10. Bh1 e5 11. Bb2 Nbd7 12. Qc2 Qc7 13. Rad1 a6 14. d4 Ng4 15.
dxe5 dxe5 16. Ba3 Rfe8 17. Bd6 Qb6 18. Nc1 Nc5 19. b4 Ne6 20. Na4 Qa7 21. c5
Nd4 22. Qc4 Rad8 23. Ne2 Rxd6 0-1

[Event "Golden Jubilee Club Championship"]
[Site "Box Hill"]
[Date "2002.04.12"]
[Round "1.8"]
[White "Raine, Marcus"]
[Black "Liston, Howard"]
[Result "1-0"]
[WhiteElo "1927"]
[BlackElo "1619"]
[Annotator "sf"]
[PlyCount "87"]
[EventDate "2002.04.12"]

1. Nf3 Nf6 2. c4 e6 3. Nc3 Bb4 4. g3 b6 5. Bg2 Bb7 6. O-O O-O 7. Qc2 d5 8. b3
Bd6 9. cxd5 exd5 10. Nb5 c5 11. Nxd6 Qxd6 12. d4 Nc6 13. Ba3 Nb4 14. Bxb4 cxb4
15. Ne5 Rfe8 16. Qf5 Rac8 17. h4 Rc3 18. Bf3 Qe6 19. Qf4 Ne4 20. Nd3 a5 21. Bg4
Qf6 22. Ne5 Qxf4 23. gxf4 Bc8 24. Bf3 f6 25. Bxe4 dxe4 26. Nc4 Ba6 27. Nxb6
Bxe2 28. Rfe1 Bf3 29. Rac1 Re6 30. Rxc3 bxc3 31. Nc4 f5 32. Kh2 Rg6 33. Rc1
Rg2+ 34. Kh3 Rxf2 35. Rxc3 Rxa2 36. Ne5 Kf8 37. d5 Rd2 38. Rc8+ Ke7 39. Rc7+
Ke8 40. Rc5 Bg2+ 41. Kg3 e3 42. d6 Rxd6 43. Kxg2 Rd4 44. Rc8+ 1-0

[Event "Golden Jubilee Club Championship"]
[Site "Box Hill"]
[Date "2002.04.12"]
[Round "1.9"]
[White "Zivanovic, Rados"]
[Black "Nemeth, Janos"]
[Result "0-1"]
[WhiteElo "1615"]
[BlackElo "1918"]
[Annotator "sf"]
[PlyCount "36"]
[EventDate "2002.04.12"]

1. d4 Nf6 2. Nf3 d6 3. e3 Bg4 4. Nbd2 e5 5. dxe5 dxe5 6. Be2 Nc6 7. c3 Qd7 8.
Qa4 Bd6 9. O-O O-O 10. Bb5 Qf5 11. Bxc6 bxc6 12. Qxc6 e4 13. Nd4 Qh5 14. g3 Bd7
15. Qc4 Ng4 16. h4 Ne5 17. Qe2 Bg4 18. Qe1 Nd3 0-1

[Event "Golden Jubilee Club Championship"]
[Site "Box Hill"]
[Date "2002.04.12"]
[Round "1.10"]
[White "Dutka, Janusz"]
[Black "Lugo, Ruperto"]
[Result "1-0"]
[WhiteElo "1904"]
[BlackElo "1599"]
[Annotator "jd"]
[PlyCount "57"]
[EventDate "2002.04.12"]

1. e4 d6 2. d4 Nf6 3. Nc3 g6 4. Be3 Bg7 5. Qd2 b6 6. O-O-O Bb7 7. f3 c5 8. dxc5
bxc5 9. e5 Ng8 10. exd6 exd6 11. Nb5 d5 12. Bxc5 Bh6 13. Re1+ Kd7 14. Be3 Bxe3
15. Qxe3 Nf6 16. Qf4 Qb6 17. Bd3 Na6 18. Ne2 Nc5 19. Rd1 Rac8 20. Nec3 Rhe8 21.
Bc4 Re7 22. Bxd5 Nxd5 23. Nxd5 Bxd5 24. Rxd5+ Ke8 25. Nd6+ Kf8 26. Nxc8 Qc6 27.
Nxe7 Kxe7 28. Rxc5 Qxc5 29. Re1+ 1-0

[Event "Golden Jubilee Club Championship"]
[Site "Box Hill"]
[Date "2002.04.12"]
[Round "1.11"]
[White "Stojic, Dusan"]
[Black "Voon, Richard"]
[Result "0-1"]
[WhiteElo "1587"]
[BlackElo "1852"]
[Annotator "sf"]
[PlyCount "60"]
[EventDate "2002.04.12"]

1. e4 c5 2. Nf3 Nc6 3. d4 cxd4 4. Nxd4 Nf6 5. Nc3 d6 6. Bg5 e6 7. Qd2 h6 8. Bh4
Be7 9. O-O-O a6 10. f4 Qc7 11. Be2 Bd7 12. g4 Nxd4 13. Qxd4 Bc6 14. Bg3 Rc8 15.
h4 Bxe4 16. Rh2 d5 17. g5 hxg5 18. hxg5 Rxh2 19. Bxh2 Bc5 20. Qd2 Nh7 21. f5
Qb6 22. Na4 Be3 23. Nxb6 Rxc2+ 24. Kb1 Rxd2+ 25. Ka1 Rxe2 26. Bc7 Bxf5 27. a3
Bxg5 28. Rh1 Bf6 29. Na4 b5 30. Nc3 Bxc3 0-1

[Event "Golden Jubilee Club Championship"]
[Site "Box Hill"]
[Date "2002.04.12"]
[Round "1.12"]
[White "Dragicevic, Domagoj"]
[Black "Suderson, Sunilson"]
[Result "1-0"]
[WhiteElo "1840"]
[BlackElo "1558"]
[Annotator "sf"]
[PlyCount "35"]
[EventDate "2002.04.12"]

1. e4 c5 2. d3 e6 3. g3 Nc6 4. Bg2 g6 5. Ne2 Bg7 6. O-O Nge7 7. f4 O-O 8. Nd2
d5 9. c3 e5 10. Rf2 d4 11. cxd4 Nxd4 12. Nxd4 cxd4 13. fxe5 Nc6 14. Nf3 Nxe5
15. Nxe5 Bxe5 16. Qb3 Qd6 17. Bh6 Re8 18. Qxf7+ 1-0

[Event "Golden Jubilee Club Championship"]
[Site "Box Hill"]
[Date "2002.04.12"]
[Round "1.13"]
[White "Umber, George"]
[Black "Kildisas, Victor E"]
[Result "0-1"]
[WhiteElo "1550"]
[BlackElo "1814"]
[Annotator "sf"]
[PlyCount "118"]
[EventDate "2002.04.12"]

1. d4 Nf6 2. c4 g6 3. Nc3 Bg7 4. e4 d6 5. Nf3 O-O 6. Be2 e5 7. O-O Nc6 8. d5
Ne7 9. Ne1 Nd7 10. Be3 f5 11. f3 Nf6 12. c5 f4 13. cxd6 cxd6 14. Bf2 g5 15. Rc1
Bd7 16. Bb5 h5 17. h3 Ng6 18. Bxd7 Qxd7 19. Qa4 Rfc8 20. Qxd7 Nxd7 21. Nd3 a6
22. Na4 Bf6 23. Rxc8+ Rxc8 24. Rc1 Rxc1+ 25. Nxc1 Bd8 26. Nd3 Kf7 27. Kf1 Ngf8
28. Ke2 Nh7 29. Ba7 Nhf6 30. Nf2 b5 31. Nc3 Bb6 32. Bxb6 Nxb6 33. b3 Kg6 34.
Kd3 g4 35. hxg4 hxg4 36. Ke2 Kg5 37. Nd3 Nbd7 38. Nb4 Nc5 39. Nc2 Kh4 40. b4
Ncd7 41. Kf2 Nb6 42. Na3 Nh5 43. Nc2 Ng3 44. a3 Nc4 45. a4 bxa4 46. Nxa4 gxf3
47. gxf3 Kh3 48. Ne1 Kh2 49. Nc3 Nh1+ 50. Ke2 Kg1 51. b5 axb5 52. Nxb5 Nf2 53.
Nc3 Na3 54. Na4 Nh1 55. Nb6 Ng3+ 56. Kd2 Kf2 57. Nd3+ Kxf3 58. Nxe5+ dxe5 59.
d6 Nxe4+ 0-1

[Event "Golden Jubilee Club Championship"]
[Site "Box Hill"]
[Date "2002.04.12"]
[Round "1.14"]
[White "Faber, Karl-Heinz"]
[Black "Jager, Jesse"]
[Result "0-1"]
[WhiteElo "1783"]
[BlackElo "1531"]
[Annotator "sf"]
[PlyCount "84"]
[EventDate "2002.04.12"]

1. e4 c5 2. Bc4 e6 3. Nc3 Nc6 4. d3 Nf6 5. Bf4 d6 6. Nf3 Qc7 7. Qe2 Nd7 8. Nb5
Qb8 9. O-O a6 10. Nc3 b5 11. Bb3 Be7 12. a4 b4 13. Nd1 Bf6 14. Rb1 O-O 15. Ne3
Nde5 16. Nxe5 Nxe5 17. Bg3 Nc6 18. Qd2 Nd4 19. Bc4 Bd7 20. c3 Nc6 21. Bb3 Na5
22. Bc4 Bxa4 23. cxb4 cxb4 24. Ra1 Nb3 25. Qd1 Nxa1 26. Qxa4 Bxb2 27. Rxa1 Bxa1
28. Qxa1 b3 29. Nd1 Qb4 30. Qc3 Qxc3 31. Nxc3 b2 32. Bxd6 Rfc8 33. Ba3 Rab8 34.
Nb1 Rxc4 35. dxc4 Rd8 36. h3 Rd1+ 37. Kh2 Rxb1 38. Kg3 Rc1 39. Bxb2 Rxc4 40. f3
a5 41. Kf4 Rc2 42. Ba3 Rxg2 0-1

[Event "Golden Jubilee Club Championship"]
[Site "Box Hill"]
[Date "2002.04.12"]
[Round "1.15"]
[White "Nemeth, Laszlo"]
[Black "Meydan, Arie"]
[Result "0-1"]
[WhiteElo "1525"]
[BlackElo "1773"]
[Annotator "sf"]
[PlyCount "36"]
[EventDate "2002.04.12"]

1. d4 d5 2. e3 Nf6 3. c4 c6 4. Nc3 Bf5 5. Qb3 b6 6. Nf3 e6 7. cxd5 exd5 8. Bd2
Be7 9. Rc1 O-O 10. Be2 Nbd7 11. Ne5 Nxe5 12. dxe5 Nd7 13. f4 Nc5 14. Qd1 d4 15.
Na4 Ne4 16. Rxc6 Bh4+ 17. g3 Nxd2 18. Qxd2 Qd5 0-1

[Event "Golden Jubilee Club Championship"]
[Site "Box Hill"]
[Date "2002.04.12"]
[Round "1.16"]
[White "Waller, A (Tony)"]
[Black "Kable, John R"]
[Result "1-0"]
[WhiteElo "1754"]
[BlackElo "1523"]
[Annotator "sf"]
[PlyCount "71"]
[EventDate "2002.04.12"]

1. Nf3 Nf6 2. d4 g6 3. c4 Bg7 4. Nc3 d5 5. e3 O-O 6. Be2 c5 7. dxc5 Qa5 8. O-O
Qxc5 9. Nxd5 Be6 10. b4 Qd6 11. Nxf6+ Bxf6 12. Qxd6 exd6 13. Nd4 Nc6 14. Rd1
Nxb4 15. Bd2 Bxd4 16. exd4 Nc2 17. Rab1 Nxd4 18. Bf1 Nc6 19. Rxb7 Ne5 20. Bh6
Rfc8 21. Rxd6 Nxc4 22. Ra6 Nb6 23. Raxa7 Bxa2 24. Rxa2 Rxa2 25. Rxb6 Rac2 26.
g3 R2c6 27. Rb7 R6c7 28. Rb1 Kh8 29. Bh3 Re8 30. Bg2 Kg8 31. h4 Rc5 32. Kh2 Rf5
33. Kg1 Kh8 34. Bc6 Rd8 35. Be4 Re5 36. Bg5 1-0

[Event "Golden Jubilee Club Championship"]
[Site "Box Hill"]
[Date "2002.04.12"]
[Round "1.17"]
[White "Palit, Vikram"]
[Black "Flude, David A"]
[Result "1/2-1/2"]
[WhiteElo "1521"]
[BlackElo "1746"]
[Annotator "sf"]
[PlyCount "74"]
[EventDate "2002.04.12"]

1. d4 Nf6 2. c4 c5 3. d5 e6 4. Nc3 exd5 5. Nxd5 Nxd5 6. cxd5 d6 7. e4 g6 8. Bd2
Bg7 9. Bc3 O-O 10. Be2 a6 11. Nf3 Bg4 12. O-O b5 13. Nd2 Bxe2 14. Qxe2 Nd7 15.
Rfe1 Qc7 16. Rad1 f6 17. Qg4 Rae8 18. b3 Ne5 19. Qg3 b4 20. Ba1 Nf7 21. Nc4 Ne5
22. Bxe5 fxe5 23. Rd3 Rf4 24. Rf3 Ref8 25. Rxf4 Rxf4 26. Qh3 Rf6 27. Re3 Bf8
28. Rf3 Qf7 29. Rxf6 Qxf6 30. Qc8 Qf4 31. f3 a5 32. Nxd6 Qc1+ 33. Kf2 Qd2+ 34.
Kf1 Qd1+ 35. Kf2 Qd2+ 36. Kg3 Qf4+ 37. Kh3 Qh6+ 1/2-1/2

[Event "Golden Jubilee Club Championship"]
[Site "Box Hill"]
[Date "2002.04.12"]
[Round "1.18"]
[White "Lycett, Garry"]
[Black "Miller, Anthony"]
[Result "1-0"]
[WhiteElo "1715"]
[BlackElo "1499"]
[Annotator "sf"]
[PlyCount "71"]
[EventDate "2002.04.12"]

1. d4 Nf6 2. c4 g6 3. Nc3 Bg7 4. e4 d6 5. f3 O-O 6. Be3 e5 7. Nge2 Nc6 8. Qd2
Ne7 9. O-O-O Nd7 10. g4 exd4 11. Nxd4 Ne5 12. Be2 a6 13. h4 Be6 14. Nd5 b5 15.
Bg5 Bxd5 16. cxd5 Qd7 17. Bh6 Nc4 18. Bxc4 bxc4 19. Bxg7 Kxg7 20. Qc3 Kg8 21.
h5 c5 22. dxc6 Nxc6 23. Nxc6 Qxc6 24. hxg6 fxg6 25. g5 Ra7 26. Rd4 Rc7 27. Rhd1
Rd8 28. Rd5 Rf7 29. R1d4 Qb6 30. Qxc4 Rc7 31. Rc5+ Rf7 32. Rc6 Qa5 33. Rcxd6
Qxg5+ 34. Kc2 Qg2+ 35. Rd2 Rxd6 36. Rxg2 1-0

[Event "Golden Jubilee Club Championship"]
[Site "Box Hill"]
[Date "2002.04.12"]
[Round "1.19"]
[White "Redgrave, Andrew"]
[Black "Zivanovic, Andjelija"]
[Result "0-1"]
[WhiteElo "1476"]
[BlackElo "1698"]
[Annotator "sf"]
[PlyCount "70"]
[EventDate "2002.04.12"]

1. e4 c5 2. Nf3 Nc6 3. Bb5 g6 4. O-O Bg7 5. c3 e5 6. d3 Nge7 7. Nbd2 O-O 8. Nc4
d6 9. Bg5 f6 10. Bh4 a6 11. Bxc6 bxc6 12. Nfd2 g5 13. Bg3 f5 14. exf5 Nxf5 15.
Ne3 Nxg3 16. hxg3 d5 17. Kh2 Be6 18. Ng4 d4 19. c4 h5 20. Nxe5 Bxe5 21. Qe2 Rf5
22. Qxh5 Kg7 23. Qg4 Qh8+ 24. Kg1 Qh6 25. f4 Rxf4 26. gxf4 Bxg4 27. fxe5 Rh8
28. Ne4 Qh2+ 29. Kf2 Qf4+ 30. Kg1 Qh2+ 31. Kf2 Rf8+ 32. Nf6 Qxe5 33. Rae1 Rxf6+
34. Kg1 Rxf1+ 35. Kxf1 Qf5+ 0-1

[Event "Golden Jubilee Club Championship"]
[Site "Box Hill"]
[Date "2002.04.12"]
[Round "1.22"]
[White "Chmiel, Rad"]
[Black "Carey, Peter"]
[Result "1-0"]
[WhiteElo "1682"]
[BlackElo "1455"]
[Annotator "rf"]
[PlyCount "95"]
[EventDate "2002.04.12"]

1. Nf3 d5 2. g3 b6 3. Bg2 Bb7 4. O-O Nf6 5. c4 e6 6. cxd5 Bxd5 7. Nc3 Bc6 8.
Ne5 Bxg2 9. Kxg2 b5 10. Qb3 b4 11. Qa4+ c6 12. Nxc6 Qd7 13. Ne5 Qxa4 14. Nxa4
Bd6 15. d4 Nd5 16. e4 Ne7 17. Nc4 Bc7 18. Nc5 O-O 19. Bd2 a5 20. a3 Nbc6 21.
axb4 Nxd4 22. bxa5 Nec6 23. Nd7 Rfd8 24. Ndb6 Ra6 25. Bc3 Nb5 26. Rfc1 Nxc3 27.
Rxc3 Ne5 28. b4 Nxc4 29. Nxc4 Rc6 30. Rc2 Be5 31. Ra4 Rdc8 32. b5 Rc5 33. b6
Rb5 34. Na3 Rxc2 35. Nxb5 Rb2 36. Na7 g6 37. Nc6 Bc3 38. e5 Bxa5 39. Rxa5 Rxb6
40. Ra8+ Kg7 41. Rc8 Rb7 42. Nd8 Rd7 43. Kf3 h6 44. Ke4 Rd5 45. Nb7 Rd2 46. Ke3
Rd7 47. Nd6 Re7 48. Ne8+ 1-0

[Event "Golden Jubilee Club Championship"]
[Site "Box Hill"]
[Date "2002.04.12"]
[Round "1.23"]
[White "Van Dijk, Devrim"]
[Black "Papa, James"]
[Result "1-0"]
[WhiteElo "1082"]
[BlackElo "1428"]
[Annotator "rf"]
[PlyCount "60"]
[EventDate "2002.04.12"]

1. e4 c5 2. Nf3 Nc6 3. d4 cxd4 4. Nxd4 g6 5. Nc3 Bg7 6. Be3 Nf6 7. Bc4 O-O 8.
O-O d6 9. f3 Qb6 10. Rb1 Nxe4 11. Nxe4 Bxd4 12. Bxd4 Qxd4+ 13. Qxd4 Nxd4 14. c3
Nc6 15. Rfe1 Bf5 16. Rbd1 Rac8 17. Ng5 Ne5 18. Bd5 h6 19. f4 Nd3 20. Nxf7 Nxe1
21. Nxd6+ e6 22. Nxc8 Rxc8 23. Bb3 Nd3 24. g4 Nxf4 25. gxf5 gxf5 26. Rd7 Rb8
27. Re7 Kf8 28. Rh7 h5 29. Rh8+ Ke7 30. Rxb8 e5 {scripts unclear} 1-0

[Event "Golden Jubilee Club Championship"]
[Site "Box Hill"]
[Date "2002.04.12"]
[Round "1.24"]
[White "Simpson, Bruce"]
[Black "Carey, Jamie"]
[Result "1-0"]
[WhiteElo "1418"]
[BlackElo "1069"]
[Annotator "rf"]
[PlyCount "95"]
[EventDate "2002.04.12"]

1. c4 e5 2. d3 c5 3. Nf3 d6 4. g3 b6 5. Bg2 Bb7 6. O-O Nc6 7. Qa4 Qc7 8. Ng5 h6
9. Nh3 O-O-O 10. f4 Nd4 11. Bxb7+ Qxb7 12. Qd1 Nf6 13. e3 Nc6 14. Nc3 g6 15.
fxe5 Nd7 16. exd6 Bxd6 17. Rxf7 Nce5 18. Rf1 Rdf8 19. Nf4 g5 20. Nb5 Bb8 21.
Nd5 Re8 22. d4 Nxc4 23. Nbc3 a6 24. b3 Nd6 25. dxc5 bxc5 26. Bd2 Ne4 27. Qe2
Bxg3 28. Nxe4 Rxe4 29. hxg3 Qxd5 30. Qxa6+ Qb7 31. Qxb7+ Kxb7 32. Rad1 Nb6 33.
Bc1 Re7 34. Kg2 Rd7 35. Rxd7+ Nxd7 36. Rf7 Kc6 37. Kh3 Rf8 38. Rxf8 Nxf8 39.
Kg4 Ne6 40. Kh5 Ng7+ 41. Kxh6 Nf5+ 42. Kxg5 Nxg3 43. Bb2 Ne4+ 44. Kf5 Kd5 45.
a3 Nd6+ 46. Kf4 Ne4 47. a4 Nd2 48. a5 1-0

[Event "Golden Jubilee Club Championship"]
[Site "Box Hill"]
[Date "2002.04.12"]
[Round "1.25"]
[White "Ziffer, Rocheleh"]
[Black "Kloprogge, Ion"]
[Result "0-1"]
[WhiteElo "1061"]
[BlackElo "1410"]
[Annotator "rf"]
[PlyCount "140"]
[EventDate "2002.04.12"]

1. e4 c5 2. Nf3 Nc6 3. d4 e6 4. Nc3 g6 5. Bc4 cxd4 6. Nxd4 Bg7 7. Be3 Nge7 8.
O-O O-O 9. Qd2 Ne5 10. Bb3 a6 11. Bf4 N7c6 12. Nxc6 Nxc6 13. Bd6 Re8 14. Rfe1
Qh4 15. Qf4 Qxf4 16. Bxf4 e5 17. Be3 Ne7 18. Bc5 Bf8 19. Rad1 Kg7 20. Nd5 Nxd5
21. Bxf8+ Kxf8 22. Bxd5 d6 23. Rd3 Rd8 24. Red1 Ke7 25. c4 Ra7 26. b4 b6 27.
Rf3 f6 28. Rfd3 Rc7 29. Rc1 f5 30. f3 f4 31. Rdc3 g5 32. c5 dxc5 33. bxc5 b5
34. h3 h5 35. Ra3 h4 36. Rac3 a5 37. c6 Ba6 38. Ra3 b4 39. Rxa5 Bd3 40. Ra4 Rb8
41. Ra5 Kd6 42. Kf2 Bb5 43. Kg1 Bxc6 44. Bxc6 Rxc6 45. Rxc6+ Kxc6 46. Rxe5 Ra8
47. Rd5 Rxa2 48. Rd1 Re2 49. Kf1 Re3 50. Re1 b3 51. Rb1 Kc5 52. e5 Kb4 53. e6
Rxe6 54. Kf2 Kc3 55. Rc1+ Kd2 56. Rc8 b2 57. Rd8+ Kc1 58. Rc8+ Kb1 59. Kg1 Re2
60. Kf1 Rc2 61. Rb8 Kc1 62. Re8 b1=Q 63. Re1+ Kb2 64. Rxb1+ Kxb1 65. Kg1 Kc1
66. Kf1 Kd2 67. Kg1 Ke2 68. Kh2 Kf2 69. Kh1 Kg3 70. Kg1 Rc1# 0-1

[Event "Golden Jubilee Club Championship"]
[Site "Box Hill"]
[Date "2002.04.12"]
[Round "1.27"]
[White "Wallis, Christopher"]
[Black "Neymanis, Eric"]
[Result "1-0"]
[WhiteElo "928"]
[BlackElo "1391"]
[Annotator "rf"]
[PlyCount "111"]
[EventDate "2002.04.12"]

1. e4 c5 2. Nf3 d6 3. c3 Nc6 4. d4 cxd4 5. cxd4 g6 6. Bc4 e6 7. Nc3 a6 8. O-O
Bg7 9. Bf4 Nge7 10. Re1 b5 11. Bf1 f6 12. Rc1 Bb7 13. Qb3 e5 14. dxe5 dxe5 15.
Be3 Na5 16. Qe6 Qc8 17. Qxc8+ Rxc8 18. Bb6 Nac6 19. Red1 O-O 20. Rd7 Ba8 21.
Rcd1 Rfe8 22. R1d6 Nb8 23. Rd8 b4 24. Rxe8+ Rxe8 25. Bc4+ Kh8 26. Nd5 Nxd5 27.
Bxd5 Rc8 28. Rd8+ Rxd8 29. Bxd8 Bxd5 30. exd5 Bf8 31. Bxf6+ Kg8 32. Nxe5 Bd6
33. Kf1 Kf8 34. Ke2 Ke8 35. Kd3 Nd7 36. Nxd7 Kxd7 37. g3 Kc7 38. f4 Kb6 39. Be5
Bf8 40. Kc4 a5 41. d6 Kc6 42. b3 h5 43. h3 Bxd6 44. Bxd6 Kxd6 45. Kb5 Kd5 46.
Kxa5 Ke4 47. Kxb4 Kf3 48. a4 Kxg3 49. a5 Kxh3 50. a6 Kg4 51. a7 h4 52. a8=Q
Kxf4 53. Qf8+ Kg5 54. Qf3 Kh6 55. Qg4 g5 56. Kb5 1-0

[Event "Golden Jubilee Club Championship"]
[Site "Box Hill"]
[Date "2002.04.12"]
[Round "1.29"]
[White "Mah, Zunyou"]
[Black "Mihalopoulos, Tony"]
[Result "0-1"]
[WhiteElo "904"]
[BlackElo "1381"]
[Annotator "rf"]
[PlyCount "58"]
[EventDate "2002.04.12"]

1. d4 d6 2. c4 g6 3. Nc3 Bg7 4. e4 e6 5. f4 Nc6 6. Nf3 Nce7 7. Bd3 Bd7 8. O-O
c6 9. e5 d5 10. c5 f5 11. exf6 Nxf6 12. Ne5 O-O 13. f5 exf5 14. Bc2 Ne4 15.
Nxe4 dxe4 16. Bf4 Nd5 17. Bb3 Be6 18. Qd2 Nxf4 19. Qxf4 Qxd4+ 20. Qf2 Qxf2+ 21.
Rxf2 Bxb3 22. Nd7 Rf7 23. axb3 Rxd7 24. h4 Bd4 25. Raf1 Bxf2+ 26. Rxf2 Rd1+ 27.
Rf1 Rxf1+ 28. Kxf1 Rd8 29. Ke1 Rd4 0-1

[Event "Golden Jubilee Club Championship"]
[Site "Box Hill"]
[Date "2002.04.12"]
[Round "1.30"]
[White "Nincevic, Anton"]
[Black "Eer, Jocelyn"]
[Result "1-0"]
[WhiteElo "1368"]
[BlackElo "867"]
[Annotator "rf"]
[PlyCount "77"]
[EventDate "2002.04.12"]

1. e4 e5 2. d4 f6 3. Nf3 c6 4. dxe5 fxe5 5. Bc4 Nf6 6. Nc3 Bb4 7. Bd2 d5 8.
exd5 cxd5 9. Bb3 Nc6 10. O-O Bg4 11. h3 Bh5 12. g4 Bg6 13. Bg5 Bxc3 14. bxc3 h6
15. Bh4 Bf7 16. Re1 O-O 17. Nxe5 Nxe5 18. Rxe5 Re8 19. Rf5 g5 20. Bg3 Rc8 21.
Qf3 Kg7 22. Rd1 Rc5 23. c4 Be6 24. Re5 d4 25. Rxc5 Re7 26. Be5 Rf7 27. Rxd4 Qe7
28. Rc7 Qe8 29. Rxb7 Rxb7 30. Qxb7+ Kg6 31. Bxf6 Kxf6 32. Qf3+ Kg6 33. Rd6 Qe7
34. Qc6 Kf6 35. c5 Kg7 36. Rxe6 Qd8 37. Rg6+ Kf8 38. Qf3+ Ke8 39. Qf7# 1-0

[Event "Golden Jubilee Club Championship"]
[Site "Box Hill"]
[Date "2002.04.12"]
[Round "1.33"]
[White "Van Dijk, Marieke"]
[Black "Alamanos, John"]
[Result "0-1"]
[WhiteElo "823"]
[BlackElo "1336"]
[Annotator "jd"]
[PlyCount "78"]
[EventDate "2002.04.12"]

1. d4 c6 2. Nf3 d5 3. a3 Nf6 4. e3 Bf5 5. Nbd2 e6 6. Be2 Bd6 7. Nh4 Bg6 8. Nxg6
hxg6 9. Nf3 Nbd7 10. Qd3 Ne4 11. g3 Qc7 12. Nd2 f5 13. Nxe4 dxe4 14. Qc3 Nb6
15. Qb3 Qe7 16. Bd2 Kf7 17. O-O-O Rab8 18. Rdf1 Qd7 19. f3 exf3 20. Rxf3 Nd5
21. Rf2 Bxg3 22. Rg2 Bd6 23. Rf1 Rxh2 24. Rxh2 Bxh2 25. Qd3 Nf6 26. e4 Bc7 27.
e5 Ng8 28. Rg1 c5 29. c3 cxd4 30. cxd4 Rc8 31. Kb1 Bb6 32. Rg5 Ne7 33. Bb4 Qxd4
34. Qf3 Qe3 35. Qg2 Rf8 36. Ka2 Nc6 37. Bc3 Rg8 38. Bd2 Qxd2 39. Qg1 Bxg1 0-1